Loading...
| Fine Arts - Other Fine Arts | 1 | 3 | 0 | 1 | 45 | 49 | 108.50 | 0 | 1 |
| Fine Arts - Auditory Fine Arts | 0 | 4 | 0 | 2 | 40 | 124 | 133.75 | 0 | 0 |
| History - European History | 0 | 3 | 0 | 2 | 30 | 85 | 110.33 | 0 | 0 |
| Fine Arts - Visual Fine Arts | 0 | 3 | 0 | 1 | 30 | 87 | 118.67 | 0 | 1 |
| History - World History | 1 | 1 | 0 | 1 | 25 | 71 | 99.00 | 0 | 1 |
| Science - Biology | 0 | 2 | 0 | 1 | 20 | 90 | 101.00 | 0 | 0 |
| Mythology | 0 | 2 | 1 | 0 | 15 | 93 | 109.50 | 0 | 1 |
| Science - Chemistry | 0 | 1 | 0 | 1 | 10 | 110 | 110.00 | 0 | 1 |
| Geography | 0 | 1 | 0 | 0 | 10 | 116 | 116.00 | 0 | 0 |
| History - American History | 0 | 1 | 0 | 0 | 10 | 95 | 95.00 | 0 | 0 |
| Literature - British Literature | 0 | 1 | 0 | 0 | 10 | 136 | 136.00 | 0 | 0 |
| Literature - European Literature | 0 | 1 | 0 | 1 | 10 | 139 | 139.00 | 0 | 0 |
| Literature - World Literature | 1 | 0 | 1 | 0 | 10 | 63 | 63.00 | 1 | 1 |
| Other Academic | 0 | 1 | 0 | 0 | 10 | 74 | 74.00 | 1 | 1 |
| Philosophy | 0 | 0 | 0 | 0 | 0 | 0.00 | 0 | 0 | |
| History - Other History | 0 | 1 | 2 | 1 | 0 | 135 | 135.00 | 0 | 1 |
| Religion | 0 | 0 | 1 | 0 | -5 | 0.00 | 0 | 0 |